|
|
|
|
| LEADER |
00000nab a2200000 a 4500 |
| 001 |
vtls000461534 |
| 003 |
SK-MaSNL |
| 005 |
20260319073933.0 |
| 008 |
160204c1991 xo 0 eng |
| 015 |
|
|
|a SNBRA19rr/mm-uuuuu
|
| 035 |
|
|
|a CL0461667
|
| 040 |
|
|
|a SNKBUCL
|b slo
|c SNKBUCL
|e AACR2
|
| 041 |
0 |
|
|a eng
|
| 044 |
|
|
|a xo
|c SK
|
| 080 |
|
|
|a 621.793.5:669.715
|2 1981
|
| 080 |
|
|
|a 669.715
|2 1981
|
| 100 |
1 |
|
|a Stojčev, D.
|4 aut
|9 976733
|
| 245 |
1 |
0 |
|a Processes during immersional treatment of aluminium and its alloys
|c D. Stojčev, E. Stojanova
|
| 300 |
|
|
|b Tb. 3. Grafy 5., lit. 6 zázn. v angl.
|
| 650 |
0 |
7 |
|a hliník
|2 snkbucl
|9 14229
|
| 650 |
0 |
7 |
|a zliatiny Al
|2 snkbucl
|9 770155
|
| 650 |
0 |
7 |
|a úprava kovov povrchová
|2 snkbucl
|9 972937
|
| 655 |
|
7 |
|a články zo zborníkov
|2 snkbucl
|9 166140
|
| 700 |
1 |
|
|a Stojanova, E.
|4 aut
|9 976734
|
| 773 |
0 |
|
|t Tridsiata štvrtá medzinárodná galvanická konferencia
|d Bratislava : Dom techniky ZSVTS, 1991
|g S. 55-58
|
| 850 |
|
|
|a Slovenská národná knižnica v Martine
|a MTA001
|
| 852 |
|
|
|a SNK
|b KIS3GCP
|
| 958 |
|
|
|a NB
|
| 958 |
|
|
|a RK
|
| 992 |
|
|
|a RZB
|
| 999 |
|
|
|c 1563349
|d 1565279
|